<?xml version="1.0" encoding="UTF-8"?>
<record
    xmlns:xsi="http://www.w3.org/2001/XMLSchema-instance"
    xsi:schemaLocation="http://www.loc.gov/MARC21/slim http://www.loc.gov/standards/marcxml/schema/MARC21slim.xsd"
    xmlns="http://www.loc.gov/MARC21/slim">

  <leader>01739nam a22002897a 4500</leader>
  <datafield tag="952" ind1=" " ind2=" ">
    <subfield code="0">0</subfield>
    <subfield code="1">0</subfield>
    <subfield code="2">lcc</subfield>
    <subfield code="4">0</subfield>
    <subfield code="7">0</subfield>
    <subfield code="a">09</subfield>
    <subfield code="b">09</subfield>
    <subfield code="d">2019-08-20</subfield>
    <subfield code="l">0</subfield>
    <subfield code="o">JZ1242 G84 2005</subfield>
    <subfield code="p">09 005422</subfield>
    <subfield code="r">2019-08-20</subfield>
    <subfield code="t">1</subfield>
    <subfield code="w">2019-08-20</subfield>
    <subfield code="y">LB</subfield>
  </datafield>
  <datafield tag="952" ind1=" " ind2=" ">
    <subfield code="0">0</subfield>
    <subfield code="1">0</subfield>
    <subfield code="4">0</subfield>
    <subfield code="7">0</subfield>
    <subfield code="a">01</subfield>
    <subfield code="b">01</subfield>
    <subfield code="d">2020-02-26</subfield>
    <subfield code="l">0</subfield>
    <subfield code="o">327.2 G937in</subfield>
    <subfield code="p">01 015249</subfield>
    <subfield code="r">2020-02-26</subfield>
    <subfield code="t">1</subfield>
    <subfield code="w">2020-02-26</subfield>
    <subfield code="y">LB</subfield>
  </datafield>
  <datafield tag="999" ind1=" " ind2=" ">
    <subfield code="c">104432</subfield>
    <subfield code="d">104432</subfield>
  </datafield>
  <controlfield tag="005">20231102152115.0</controlfield>
  <controlfield tag="008">190820t    2005m  ||||| |||| 00| 0 spa d</controlfield>
  <datafield tag="020" ind1=" " ind2=" ">
    <subfield code="a">9707016205  (Editor Miguel &#xC1;ngel Porr&#xFA;a)</subfield>
  </datafield>
  <datafield tag="020" ind1=" " ind2=" ">
    <subfield code="a">968544935X  (Universidad An&#xE1;huac del Sur)</subfield>
  </datafield>
  <datafield tag="050" ind1=" " ind2=" ">
    <subfield code="a">JZ1242</subfield>
    <subfield code="b">G84</subfield>
  </datafield>
  <datafield tag="082" ind1=" " ind2=" ">
    <subfield code="a">327.2</subfield>
    <subfield code="b">G937in</subfield>
  </datafield>
  <datafield tag="100" ind1=" " ind2=" ">
    <subfield code="a">Guerrero Verdejo, Sergio</subfield>
    <subfield code="e">autor</subfield>
  </datafield>
  <datafield tag="245" ind1=" " ind2=" ">
    <subfield code="a">Introducci&#xF3;n al estudio de la negociaci&#xF3;n internacional</subfield>
    <subfield code="c"> / Sergio Guerrero Verdejo</subfield>
  </datafield>
  <datafield tag="260" ind1=" " ind2=" ">
    <subfield code="a">M&#xE9;xico</subfield>
    <subfield code="b"> : Universidad Anahuac del Sur</subfield>
    <subfield code="b"> : Miguel &#xC1;ngel Porr&#xFA;a</subfield>
    <subfield code="c">, 2005</subfield>
  </datafield>
  <datafield tag="300" ind1=" " ind2=" ">
    <subfield code="a">105 p&#xE1;ginas</subfield>
  </datafield>
  <datafield tag="500" ind1=" " ind2=" ">
    <subfield code="a">Donativo: Miguel &#xC1;ngel Porr&#xFA;a

Incluye: &#xED;ndice, conclusiones y anexos</subfield>
  </datafield>
  <datafield tag="504" ind1=" " ind2=" ">
    <subfield code="a">Bibliograf&#xED;a (pp.103-105)</subfield>
  </datafield>
  <datafield tag="505" ind1=" " ind2=" ">
    <subfield code="a">Definici&#xF3;n de negociaci&#xF3;n
Los sujetos en las negociaciones internacionales
Fundamentos de la negociaci&#xF3;n
La negociaci&#xF3;n y los negociadores: cualidades y estrategias
La negociaci&#xF3;n y el negociador: estilos de negociaci&#xF3;n
Etapas del proceso de negociaci&#xF3;n
El procedimiento en las negociaciones
Clasificaci&#xF3;n de las negociaciones internacionales
Las negociaciones y las relaciones de poder
Las negociaciones y los conflictos
Las negociaciones internacionales y sus implicaciones te&#xF3;ricas
Las variables de las negociaciones y los defectos</subfield>
  </datafield>
  <datafield tag="519" ind1=" " ind2=" ">
    <subfield code="a">Plan Flexible / </subfield>
    <subfield code="b">Relaciones Internacionales / </subfield>
    <subfield code="c">Material Complementario / </subfield>
    <subfield code="d">(09 005422)</subfield>
  </datafield>
  <datafield tag="519" ind1=" " ind2=" ">
    <subfield code="a">Material Complementario /</subfield>
    <subfield code="d">(01 015249)</subfield>
  </datafield>
  <datafield tag="650" ind1="1" ind2="4">
    <subfield code="a">RELACIONES INTERNACIONALES</subfield>
  </datafield>
  <datafield tag="650" ind1="2" ind2="4">
    <subfield code="a">MEDIACION INTERNACIONAL</subfield>
  </datafield>
  <datafield tag="650" ind1="2" ind2="4">
    <subfield code="a">NEGOCIACI&#xD3;N</subfield>
    <subfield code="x">DIPLOM&#xC1;TICA</subfield>
  </datafield>
  <datafield tag="650" ind1="2" ind2="4">
    <subfield code="a">SOLUCI&#xD3;N DE CONFLICTOS</subfield>
  </datafield>
  <datafield tag="942" ind1=" " ind2=" ">
    <subfield code="c">LB</subfield>
  </datafield>
</record>
